[Event "GMA, Wijk aan Zee NED"]
[Site "?"]
[Date "2003.??.??"]
[Round "12"]
[White "Polgar,Ju"]
[Black "Anand,V"]
[Result "1/2"]
[WhiteElo "2700"]
[BlackElo "2750"]
[PlyCount "60"]
[Annotator "Hathaway"]

1. e4
{ At this point in the event Anand was leading and Polgar was hot on his heels. She has the White pieces and can take a serious shot at beating Anand and winning the tournament! }
1...c6
{ Despite Anand's classical handling of most positions he has adopted a hedgehog attitude when playing Black against 1. e4. He's played the Caro-Kann Defense quite a lot recently. He's one of the best defenders among the top GMs. }
2. d4 d5 3. Nc3 (3. e5 
{ is well known to Anand (see his victory over Karpov from round five) . }) (3. Nd2 
{ is an interesting alternative, aimed at facing a Gurgenidze (3...g6)  without any awkwardness. }) (3. exd5 cxd5 4. c4 
{ Panov-Botvinnik Attack - probably the most aggressive variation one can play against the Caro-Kann, but it isn't a regular part of Polgar's repertoire }
  (4. Bd3 
{ Fischer's favorite is also good, but isn't seen much these days. }) ) 3...dxe4 4. Nxe4 Bf5
{ This has been a popular move for decades and is more common than Karpov's favorite 4...Nd7 or 4...Nf6. }
5. Ng3 Bg6 6. h4
{ In this position, as in the Advance Variation, White finds it most profitable to provoke a weakening in Black's position by threatening Bg6. It also allows White, if she chooses, to virtually force a bishop trade by Ng1-f3 and Bf1-d3. Black's bishop is very good and Black's light-square pawns make White's bishop mediocre, so a trade is considered best. }
 (6. N1e2 h6  (6...Nf6 7. Nf4 
{ before threatening Bg6 with h2-h4-h5 would be a way to force  a greater weakness, but Black can usually avoid the worst })  7. Nf4 Bh7 
{ and then White can't play Bf1-d3 without spending an extra tempo to defend Pd4. So, Bf1-c4 might be more likely (taking aim at Pf7) }) (
{ Another move-order which has been used is }
 6. Nf3 Nd7 7. h4) 6...h6 7. Nf3 Nd7 8. h5
{ Some players like this move some do without. }
8...Bh7 9. Bd3 Bxd3 10. Qxd3
{ With Ph5 having weakened the king-side White will usually aim for O-O-O to keep his king safe and "connect" the rooks. }
10...Ngf6 (
{ Another way for Black to develop is }
 10...e6 11. Bf4 Bb4+ 12. c3 Be7 13. O-O-O Ngf6) 11. Bf4 e6 (11...Nd5 12. Bd2 
{ and Black's gain isn't without eventual cost. White will have better use of e4 and should later gain a tempo with c2-c4. }) (11...Qa5+ 12. Bd2 Qc7 
{ was thought to be best as it prepares ...O-O-O, but now it's not the most popular variation. For some reason (unknown to me) most Caro-Kann players have switched to ...O-O and more active queen-side play. I think GM Yasser Seirawan may have popularized the idea with a plan which includes ...b7-b5 and ...a7-a5. 
 White goes after Black's king wherever it sits.}) 12. O-O-O Be7 13. Kb1
{ She might be preparing for ...Nd5 and Bf4-c1, b2-b3 and Bc1-b2 or she might just be defending Pa2 to "complete castling" while waiting a move to see more of Black's plan. }
13...O-O
{ Now it's clear that White's Ph5 can't support g2-g4-g5 and a natural breakthrough in front of Kg8. Maybe in future games we'll see White hold back on h4-h5. }
14. Ne4 Qa5 (14...Nxe4 15. Qxe4 Nf6 16. Qe2 Nd5 17. Bd2 Qb6 18. g4) 15. Nxf6+ Nxf6 16. g4
{ This is the most straight-forward approach - opening the g-file by offering the pawn as a gambit or by g4-g5 to force the matter. Black has no offense to counter-balance this, so he has to play some defense. }
 (16. Ne5 $5 
{ preparing g2-g4-g5 while shutting out Qa5 from the king-side play }) 16...Nxg4
{ Fritz7 loves pawns, so he sees this as a clear advantage to Black. It threatens ...Ng4xf2. }
 (
{ More passive defense isn't guaranteed to succeed. }
 16...Nh7 17. Rdg1 Ng5 18. Nxg5 Bxg5 19. Bxg5 Qxg5 20. Qe4 Rad8 21. c3  (21. f4 Qd5 
{ forces some trades favorable to Black! }) ) 17. Rdg1 Qf5
{ A person doesn't have to see all the analysis to know it's dangerous to waste time when your opponent is working up an offense against their king. Anand was playing according to the general idea that trading-off the attacking pieces will dissipate the offensive. }
 (17...Nxf2 $19 18. Qf1 Nxh1 19. Bxh6 Kh7 20. Bxg7 Rg8 21. h6 Qf5 22. Rxh1 Bf6 23. Qe2 Bxg7 24. hxg7+ Kxg7 25. Ne5 $11 
{ Finally Fritz7 sees White has a line which restores material equality. }) 18. Qd2
{ This is a difficult position for both players. Black has thrown his pieces in front of the approaching steamroller and he might be able to hold it back. But, one false move and his position may crumble. }
18...g5 $5
{ Courageous and possibly correct. }
 (18...Kh7 19. Nh4 Bxh4 20. Rxh4 Nf6 21. Be5 Rad8 22. Qe2 Ne8 23. Rf4 Qh3 24. Qd1 $14 
{ Black's queen is pretty well stuck, but White hasn't bagged anything yet. Still, Fritz finally sees White has all the advantages and Black is barely hanging on. }) 19. hxg6
{ else the offensive just stops }
19...fxg6
{ threatening ...Qf5xf4 }
20. Bxh6 (20. Qe2 h5 21. Ne5 Nxe5 22. Bxe5 Kf7 23. Rh2 $14 
{ Fritz7 thinks White has some advantage, but it's not large and if Black survives to exchange some pieces then Ph5 might become a big factor. }) 20...Qxf3 21. Bxf8 Rxf8
{ Black has won two minor pieces for a rook, but his king remains a bit weak. White has to play offense or be ground down in a simple ending. }
22. d5
{ This appears to be required because White's pieces have no good squares to move onto. With d4-d5 White might gain Qd2-d4-h8. }
 (22. Qe1 Qf5 23. f3 Nf6 24. Rh6 Kf7 
{ Fritz7 thinks this is equal, but in a simple ending where White has only a queen and pawns the Black rook and two minor pieces might win. }) 22...cxd5 23. Qd4
{ threatening Rg1xg4 or Qd4xg4 }
23...Nf6 24. Rxg6+
{ This flushes the Black king out to another position. But, is it more or less exposed at f7? }
24...Kf7
{ threatening ...Kf7xg6 or ...Qf3xh1+ }
25. Rhg1 Rc8
{ Black might be thinking of ...Qf3-f5 with the threat of ...Qf5xc2+ (mating) or of ...Qf5xg6 to simplify the position. }
26. Rg7+ Kf8 27. Qh4
{ threatening Qh4-h8+ mating }
 (27. Qxa7 
{ might be good, but it certainly distracts White from her plan to threaten the exposed Kf8 and that would give Black time to begin an offensive plan. }) 27...Ke8 28. Qa4+ (
{ She could have kept the game going with }
 28. Qh8+ Bf8  (28...Kd7 $4 29. Rxe7+ Kxe7 30. Qxc8)  29. Rxb7 Qxf2 30. Rc1 a6 
{ For some reason I can't imagine Fritz7 thinks this is -+, despite the fact Black's two minor pieces are completely tied-up defending Ke8 and that isn't going to change. I suppose Pe6 is a threat to advance, but is it really possible for that to be the decisive factor while Ke8 sits exposed to any threat? }) 28...Kf8
{ Anand probably chose this move to encourage a repetition with Qa4-h4, but he could have played on with 28...Nf6-d7. }
29. Qh4 Ke8 30. Qa4+ Kf8
{ And so, Anand won the tournament and Polgar finished second, her best high-level tournament finish ever! She gave a first-rate try in this game and should be proud of her tournament performance. I would expect to see more of the same (or better) in future tournaments. }
1/2-1/2

[Event "GMA, Wijk aan Zee NED"]
[Site "?"]
[Date "2003.??.??"]
[Round "13"]
[White "Anand,V"]
[Black "Bareev,E"]
[Result "1/2"]
[WhiteElo "2750"]
[BlackElo "2725"]
[PlyCount "27"]

1.e4 e6 2.d4 d5 3.Nc3 Nf6 4.Bg5 dxe4 5.Nxe4 Be7 6.Bxf6 Bxf6 7.Nf3 Nd7 8.Qd2 
O-O 9.O-O-O Be7 10.Bc4 a6 11.Bb3 a5 12.Bc4 c6 13.Kb1 Qc7 14.h4 1/2

[Event "GMA, Wijk aan Zee NED"]
[Site "?"]
[Date "2003.??.??"]
[Round "13"]
[White "Timman,J"]
[Black "Krasenkow,M"]
[Result "1/2"]
[WhiteElo "2590"]
[BlackElo "2630"]
[PlyCount "140"]

1.e4 c5 2.Nf3 e6 3.b3 d6 4.Bb5+ Bd7 5.Bxd7+ Nxd7 6.c4 Ngf6 7.Nc3 g6 8.O-O 
Bg7 9.d4 O-O 10.Bb2 cxd4 11.Qxd4 Qa5 12.Rfd1 Nc5 13.e5 dxe5 14.Qxe5 Nfe4 
15.Qxg7+ Kxg7 16.Nxe4+ f6 17.Bc3 Qa3 18.Nfg5 Nxe4 19.Rd7+ Kg8 20.Nxe4 e5 
21.g4 Rf7 22.Rd5 g5 23.Nd6 Rd7 24.Ne4 Rxd5 25.Nxf6+ Kf7 26.Nxd5 e4 27.Kg2 
b5 28.Ne3 Rc8 29.Be5 bxc4 30.bxc4 Rd8 31.Rb1 Rd2 32.Rb3 Qxa2 33.Rb7+ Ke6 
34.Bg3 Qa3 35.Nf5 Rd7 36.Ng7+ Rxg7 37.Rxg7 Qf3+ 38.Kg1 Qd1+ 39.Kg2 Qf3+ 
40.Kg1 e3 41.fxe3 Qxe3+ 42.Bf2 Qc1+ 43.Kg2 a5 44.Ra7 Qd2 45.h3 Qb4 46.c5 
Qb5 47.Rxh7 Qc6+ 48.Kg3 Kd5 49.h4 gxh4+ 50.Rxh4 a4 51.g5 a3 52.Rh6 Qa8 
53.Rd6+ Ke4 54.Bd4 a2 55.Kg4 Qa4 56.Ba1 Qc4 57.Kh5 Qxc5 58.Re6+ Kf4 59.Rf6+ 
Kg3 60.Ra6 Qc2 61.Kh6 Kg4 62.Bf6 Qd2 63.Ra7 Qh2+ 64.Kg6 Qc2+ 65.Kh6 Qd2 
66.Kg6 Qb4 67.Kh6 Qf8+ 68.Kg6 Qg8+ 69.Kh6 Qf8+ 70.Kg6 Qg8+ 1/2

[Event "GMA, Wijk aan Zee NED"]
[Site "?"]
[Date "2003.??.??"]
[Round "13"]
[White "Karpov,An"]
[Black "Kramnik,V"]
[Result "1/2"]
[WhiteElo "2685"]
[BlackElo "2805"]
[PlyCount "29"]

1.d4 Nf6 2.c4 e6 3.Nc3 Bb4 4.Qc2 d5 5.cxd5 Qxd5 6.e3 c5 7.dxc5 Qxc5 8.Bd2 
Nc6 9.Rc1 O-O 10.a3 Bxc3 11.Bxc3 Nd5 12.Nf3 Nxc3 13.Qxc3 Qxc3+ 14.Rxc3 
Bd7 15.Bd3 1/2

[Event "GMA, Wijk aan Zee NED"]
[Site "?"]
[Date "2003.??.??"]
[Round "13"]
[White "Ivanchuk,V"]
[Black "Ponomariov,R"]
[Result "1-0"]
[WhiteElo "2695"]
[BlackElo "2730"]
[PlyCount "57"]

1.Nf3 d5 2.d4 Nf6 3.c4 dxc4 4.e3 e6 5.Bxc4 a6 6.O-O c5 7.dxc5 Bxc5 8.Qe2 
b5 9.Bd3 Nc6 10.Rd1 Qc7 11.a4 b4 12.Nbd2 Bb7 13.Nb3 Na5 14.Nxc5 Qxc5 15.e4 
Nb3 16.Rb1 O-O 17.Be3 Qh5 18.Qc2 Na5 19.Rbc1 Rad8 20.Bb6 Rd6 21.Qc5 Qxc5 
22.Bxc5 Rd7 23.Ne5 R7d8 24.Bxb4 Nb3 25.Rc3 Rfe8 26.Rxb3 Bxe4 27.f3 Bf5 
28.Rd2 Rb8 29.Bxa6 1-0

[Event "GMA, Wijk aan Zee NED"]
[Site "?"]
[Date "2003.??.??"]
[Round "13"]
[White "Radjabov,T"]
[Black "Polgar,Ju"]
[Result "1/2"]
[WhiteElo "2620"]
[BlackElo "2700"]
[PlyCount "37"]

1.d4 Nf6 2.c4 e6 3.Nf3 b6 4.g3 Ba6 5.b3 Bb4+ 6.Bd2 Be7 7.Bg2 c6 8.Bc3 d5 
9.Nbd2 Nbd7 10.O-O O-O 11.Re1 c5 12.e4 dxe4 13.Nxe4 Nxe4 14.Rxe4 Bb7 15.Re1 
Bf6 16.Qd2 Qc7 17.dxc5 Bxc3 18.Qxc3 Nxc5 19.Rad1 1/2

[Event "GMA, Wijk aan Zee NED"]
[Site "?"]
[Date "2003.??.??"]
[Round "13"]
[White "Van Wely,L"]
[Black "Shirov,A"]
[Result "0-1"]
[WhiteElo "2665"]
[BlackElo "2720"]
[PlyCount "80"]

1.d4 d5 2.c4 dxc4 3.Nf3 Nf6 4.e3 e6 5.Bxc4 c5 6.O-O a6 7.dxc5 Bxc5 8.Qxd8+ 
Kxd8 9.Ne5 Ke7 10.Be2 Nbd7 11.Nd3 Bd6 12.Nd2 Nc5 13.Nc4 Nxd3 14.Bxd3 Bc5 
15.Be2 Rd8 16.b3 Bd7 17.Bf3 Nd5 18.Bb2 f6 19.Rac1 Rdc8 20.Rfd1 b5 21.e4 
Nb4 22.e5 Nxa2 23.Rc2 Nb4 24.Rcd2 Bc6 25.Bxc6 Nxc6 26.exf6+ gxf6 27.Rd7+ 
Ke8 28.Ne3 Be7 29.Ng4 e5 30.f4 h5 31.Nf2 Nd4 32.Rb7 Ne2+ 33.Kf1 Nxf4 34.R1d7 
Ng6 35.Ne4 Rc6 36.h4 f5 37.Ng3 Rd8 38.Rdc7 Rxc7 39.Rxc7 Rd1+ 40.Ke2 Rg1 
0-1

[Event "GMA, Wijk aan Zee NED"]
[Site "?"]
[Date "2003.??.??"]
[Round "13"]
[White "Topalov,V"]
[Black "Grischuk,A"]
[Result "1/2"]
[WhiteElo "2740"]
[BlackElo "2710"]
[PlyCount "131"]

1.e4 c5 2.Nf3 Nc6 3.d4 cxd4 4.Nxd4 Nf6 5.Nc3 e5 6.Ndb5 d6 7.Bg5 a6 8.Na3 
b5 9.Bxf6 gxf6 10.Nd5 f5 11.c3 Bg7 12.exf5 Bxf5 13.Nc2 Be6 14.a4 O-O 15.axb5 
axb5 16.Rxa8 Qxa8 17.Nce3 Nd4 18.Nc7 Qa2 19.Nxe6 Nxe6 20.Bd3 Qxb2 21.O-O 
Nc5 22.Bf5 e4 23.Nd5 Re8 24.Qg4 Kf8 25.Bxh7 Re5 26.Qc8+ Re8 27.Qc6 Be5 
28.g3 Qd2 29.Bf5 Rd8 30.Bg4 Bxc3 31.Rd1 Qg5 32.Qb6 Bf6 33.Be2 Kg7 34.h4 
Qe5 35.Bxb5 Ne6 36.Bc4 Qb2 37.Qxb2 Bxb2 38.Ne3 Be5 39.Bd5 Nc5 40.Rb1 Kg6 
41.g4 Bf4 42.Kg2 Rh8 43.Nf5 Kf6 44.Rb6 Rg8 45.f3 e3 46.Bc4 Rd8 47.Kf1 Ne6 
48.Bxe6 fxe6 49.Rb4 d5 50.Ke2 exf5 51.Rxf4 d4 52.Rxf5+ Kg7 53.Re5 d3+ 54.Kd1 
e2+ 55.Kd2 Kf6 56.Re4 Rd6 57.f4 Kg6 58.h5+ Kh6 59.Re7 Rd4 60.Re6+ Kh7 61.g5 
Rxf4 62.Kxd3 Rf5 63.Rh6+ Kg7 64.Rg6+ Kh7 65.Kxe2 Ra5 66.Kd3 1/2